000
00335nam a2200145Ia 4500
008
230917s9999||||xx |||||||||||||| ||und||
040
_e
142864
_a
MAIN
041
_a
English
082
_a
780.5 S58S
100
_a
Garg, Prabhu Lal
245
0
_a
Sangeet: Purvi thad ank. V23 part
260
_c
1957
300
_a
176p p.
942
_c
BK
999
_c
52124
_d
52124